| 000 | 01141 a2200241 4500 | ||
|---|---|---|---|
| 001 | 44598 | ||
| 005 | 20260407155722.0 | ||
| 008 | 260407a2017 arg spa d | ||
| 003 | AR-UNSa-BCEJYS | ||
| 040 |
_aAR-UNSa-BCEJYS _bspa _cAR-UNSa-BCEJYS |
||
| 080 |
_a94(82) _xHistoria de Argentina |
||
| 245 | 1 | 0 |
_aBreve historia contemporánea de la Argentina _p1916-2016 |
| 020 | _a978-987-719-129-5 | ||
| 250 | _a4a. ed. | ||
| 264 | 1 |
_aBuenos Aires : _bFondo de Cultura Económica _c2017 |
|
| 300 |
_a439 p. _c23 cm. |
||
| 505 | _a1. 1916 - 2. Los gobiernos radicales, 1916-1930 - 3. La restauración conservadora, 1930-1943 - 4. El gobierno de Perón, 1943-1955 - 5. El empate, 1955-1966 - 6. Dependencia o liberación, 1966-1976 - 7. El Proceso, 1976-1983 - 8. El impulso y su freno, 1983-1989 - 9. La gran transformación, 1989-1999 - 10. Crisis y reconstrucción, 1999-2005 - 11. Una oportunidad perdida, 2005-2015 | ||
| 041 | _aspa | ||
| 942 | _cBK | ||
| 590 | _aniveau_biblio:m niveau_hierar:0 | ||
| 100 | 1 | _aRomero, Luis Alberto | |
| 856 | 4 | 1 |
_uhttps://biblioeco.unsa.edu.ar/pmb/images/libros/L126925.jpg _yImagen de portada _qimage/jpeg |
| 999 |
_c3798 _d3798 |
||